000 00596cam a22002171 4500
001 he 66000189
003 DLC
005 20260227111435.0
008 880611s1965 is a 000 1 hebr
010 _ahe 66000189
035 _a(OCoLC)18073618
040 _aDLC
_cTxU
_dDLC
042 _apremarc
050 0 0 _aPZ90.H3
_bB527
100 1 _aBiber, Yehoash,
_d1937-
245 1 3 _aha-Parashim mistaʻarim
_c[me-et] Yehoʼash Biber. Tsiyurim: Giyora Tesler.
260 _aTel-Aviv,
_bMasadah
_c[1965]
300 _a135 p.
_billus.
_c23 cm.
500 _aVocalized.
500 _aRomanized record.
999 _c31477
_d31477